nematodes in cattle at krang ampel commune, samraong tong district, kampong speu province nematodes ក្នុងក្រពះពោះវៀនគោនៅឃុំក្រាំងអំពិល ស្រុកសំរោងទង ខេត្តកំពងស្ពឺ (Record no. 18647)
[ view plain ]
| 000 -LEADER | |
|---|---|
| fixed length control field | 00666nam a22001577a 4500 |
| 003 - CONTROL NUMBER IDENTIFIER | |
| control field | LRUA |
| 005 - DATE AND TIME OF LATEST TRANSACTION | |
| control field | 20191230144914.0 |
| 008 - FIXED-LENGTH DATA ELEMENTS--GENERAL INFORMATION | |
| fixed length control field | 191230b xxu||||| |||| 00| 0 eng d |
| 040 ## - CATALOGING SOURCE | |
| Transcribing agency | RUA |
| 082 ## - DEWEY DECIMAL CLASSIFICATION NUMBER | |
| Classification number | AVM OEU 2018 B654 Or.1 |
| 100 ## - MAIN ENTRY--PERSONAL NAME | |
| 9 (RLIN) | 14101 |
| Personal name | EOURN KANAN អឿន កាណាន់ |
| 245 ## - TITLE STATEMENT | |
| Title | nematodes in cattle at krang ampel commune, samraong tong district, kampong speu province nematodes ក្នុងក្រពះពោះវៀនគោនៅឃុំក្រាំងអំពិល ស្រុកសំរោងទង ខេត្តកំពងស្ពឺ |
| 260 ## - PUBLICATION, DISTRIBUTION, ETC. (IMPRINT) | |
| Place of publication, distribution, etc. | RUA |
| Name of publisher, distributor, etc. | Phnom penh |
| Date of publication, distribution, etc. | 2018 |
| 300 ## - PHYSICAL DESCRIPTION | |
| Extent | vii;37p |
| Other physical details | 29cm |
| 942 ## - ADDED ENTRY ELEMENTS (KOHA) | |
| Source of classification or shelving scheme | |
| Koha item type | AVM |
| Price effective from | Date last seen | Permanent Location | Not for loan | Date acquired | Source of classification or shelving scheme | Koha item type | Barcode | Lost status | Damaged status | Shelving location | Withdrawn status | Current Location | Full call number |
|---|---|---|---|---|---|---|---|---|---|---|---|---|---|
| 2019-12-30 | 2019-12-30 | Library Block B | 2019-12-30 | AVM | A063912 | B654 | Library Block B | AVM OEU 2018 B654 Or.1 | |||||
| 2019-12-30 | 2019-12-30 | Library Block B | 2019-12-30 | AVM | A063122 | B654 | Library Block B | AVM OEU 2018 B654 Or.2 | |||||
| 2019-12-30 | 2019-12-30 | Library Block B | 2019-12-30 | AVM | A063174 | B654 | Library Block B | AVM OEU 2018 B654 Or.3 | |||||
| 2019-12-30 | 2019-12-30 | Library Block B | 2019-12-30 | AVM | A063896 | B654 | Library Block B | AVM OEU 2018 B654 Or.4 | |||||
| 2019-12-30 | 2019-12-30 | Library Block B | 2019-12-30 | AVM | A063904 | B654 | Library Block B | AVM OEU 2018 B654 Or.5 | |||||
| 2019-12-30 | 2019-12-30 | Library Block B | 2019-12-30 | AVM | A063872 | B654 | Library Block B | AVM OEU 2018 B654 Or.6 |